|
|
|
|
| LEADER |
01021cam a2200277 7i4500 |
| 001 |
0000035834 |
| 005 |
20210107090000.0 |
| 008 |
110322 eng |
| 020 |
|
|
|a 9781416062035 (hbk.)
|
| 020 |
|
|
|a 1416062033 (hbk.)
|
| 040 |
|
|
|a OhCoOLI
|
| 090 |
0 |
0 |
|a RC76
|b .S93 2010
|
| 100 |
1 |
|
|a Swartz, Mark H
|
| 245 |
1 |
0 |
|a Textbook of physical diagnosis :
|b history and examination
|c Mark H. Swartz.
|
| 250 |
|
|
|a 6th ed.
|
| 260 |
|
|
|a Philadelphia, PA:
|b Saunders/Elsevier,
|c 2010.
|
| 300 |
|
|
|a xx, 902 p.:
|b ill. col.;
|c 29 cm..
|
| 501 |
|
|
|a With DVD-ROM : Textbook of physical diagnosis : history and examination / Mark H. Swartz
|
| 504 |
|
|
|a Includes bibliographical references and index
|
| 650 |
0 |
0 |
|a Physical diagnosis
|
| 650 |
0 |
0 |
|a Physical examination
|
| 650 |
0 |
0 |
|a Medical history taking
|
| 650 |
0 |
0 |
|a Diagnosis
|
| 997 |
|
|
|a Health Sciences, Faculty
|
| 999 |
|
|
|a 0000046893
|b BOK
|c OPEN SHELF
|e 1st Floor, Shah Alam
|
| 999 |
|
|
|a DVD0000323
|b DVD-ROM
|c OPEN SHELF
|e Circulation Counter, Shah Alam
|